000
00321nam a22001337a 4500
008
181019b xxu||||| |||| 00| 0 eng d
020
_a
9781605477275
041
_a
eng
080
_2
5 ED
_a
610.73
100
_a
2
101
_a
INF
245
_a
Psychiatric Nursing Contemporary Practice
_c
Mary.a.B
942
_2
udc
_c
BK
999
_c
50233
_d
50233